000 00875nam a2200229Ia 4500
008 240619s9999 xx 000 0 und d
020 _a978-99929-0-732-0
035 _a1905
040 _aGS0142000
_bmon
_cMN-UlNLM
_dMN-UlNLM
_erda
041 _amon
042 _a2746
084 _2NNA
_a84(4Франц)44
_bД-393
100 _aДефо Даниэль
245 0 _aРобинзон крузо
264 _aУлаанбаатар
_bМонсудар
_c2009
300 _a206х.
336 _2rdacontent
_atext
_btxt
337 _2rdamedia
_aunmediated
_bn
338 _2rdacarrier
_avolume
_bnc
650 _aТэнгис дээрх анхны тохиолдол, Зэрлэг хүмүүстэй уулзсан нь Хөлөг нь сүйрсэн Робинзон эзгүй арал дээр хаягдаж ихээхэн хүнд хэцүү ...
942 _2NNA
_cBK
999 _c897200
_d897257